| 000 | 00537nam a22002051a 4500 | ||
|---|---|---|---|
| 001 | 3598 | ||
| 003 | OSt | ||
| 005 | 20260204211856.0 | ||
| 008 | 041208s2004||||dr ||||||b||||||||||spa|| | ||
| 020 | _a9993496081 | ||
| 050 | _aRD 321.87293 A86s | ||
| 082 | _aRD 321.87293 A86s | ||
| 100 | _aAbreu, Radamés | ||
| 245 | _aHacia donde va la democracia / Radamés Abreu | ||
| 264 | _aSanto Domingo : Manatí | ||
| 300 | _a122 p | ||
| 500 | _aIncluye indice | ||
| 650 | _a1.Democracia Moderna - República DominicanaÌ | ||
| 942 |
_2ddc _cBK |
||
| 999 |
_c3598 _d3598 |
||